Lifelines for money misfortunes : how to overcome life’s greatest challenges

Spremljeno u:
Bibliografski detalji
Glavni autor: Pollan, Stephen M.
Format: Knjiga
Jezik:Undetermined
Izdano: Hoboken, N.J. John Wiley & Sons 2008
Teme:
Oznake: Dodaj oznaku
Bez oznaka, Budi prvi tko označuje ovaj zapis!
Thư viện lưu trữ: Trung tâm Học liệu Trường Đại học Cần Thơ
LEADER 00753nam a2200205Ia 4500
001 CTU_164670
008 210402s9999 xx 000 0 und d
020 |c 24.95 
082 |a 332.024 
082 |b P771 
100 |a Pollan, Stephen M. 
245 0 |a Lifelines for money misfortunes : 
245 0 |b how to overcome life’s greatest challenges 
245 0 |c Stephen M. Pollan, Mark Levine 
260 |a Hoboken, N.J. 
260 |b John Wiley & Sons 
260 |c 2008 
650 |a Life skills,Tài chính cá nhân,Vấn đề cá nhân,Kỹ năng sống,Quản lý khủng hoảng,Finance, Personal,Responsibility,Crisis management,Problem solving 
910 |a Nguyên 
980 |a Trung tâm Học liệu Trường Đại học Cần Thơ